00642nam a2200217Ia 450000500170000000800410001702000150005804000180007304100080009108200180009910000180011724500420013525000120017726000570018930000230024665000290026965000240029865000220032265000490034465000310039320220621121901.0210716s1987 xx 000 0 und d a0876920083 cAIMIT LIBRARY aeng a511.42 bRAJV aRajaraman, V. aComputer oriented numerical methods / a2nd ed. aNew Delhi :bPrentice Hall of India PVt Ltd ,c1987. axi,164p. ;c21 cm. aComputational algorithms aComputer arithmetic aIterative methods aNumerical solution of differential equations aApproximation of functions